|
|
|
|
| LEADER |
01566nam a2200421 a 4500 |
| 001 |
000685645 |
| 003 |
CZ BrMZK |
| 005 |
20150427110015.0 |
| 007 |
ta |
| 008 |
030904s2003 xr a g 000 j cze d |
| 015 |
|
|
|a cnb001282612
|
| 020 |
|
|
|a 80-7193-154-3
|q (brož.)
|
| 035 |
|
|
|a (OCoLC)56856409
|
| 040 |
|
|
|a BOA001
|b cze
|
| 041 |
1 |
|
|a cze
|h pol
|
| 072 |
|
7 |
|a 821.162.1
|x Polská literatura
|2 Konspekt
|9 25
|
| 080 |
|
|
|a 821.162.1-32
|2 MRF
|
| 080 |
|
|
|a (0:82-322.9)
|2 MRF
|
| 100 |
1 |
|
|a Pilipiuk, Andrzej,
|d 1974-
|7 js20021014004
|4 aut
|
| 245 |
1 |
0 |
|a Čaroděj Ivanov :
|b [Jakub Vondrovec znovu zasahuje] /
|c Andrzej Pilipiuk ; [překlad: Pavel Weigel ; ilustrace: Andrzej Łaski]
|
| 250 |
|
|
|a Vyd. 1.
|
| 260 |
|
|
|a Plzeň :
|b Laser,
|c 2003
|
| 300 |
|
|
|a 229 s. :
|b il. ;
|c 20 cm
|
| 490 |
1 |
|
|a Fantasy ;
|v sv. 66
|
| 490 |
1 |
|
|a Podíl SF/F : nejlepší polská díla science fiction a fantasy
|
| 500 |
|
|
|a Překlad z polštiny
|
| 500 |
|
|
|a Podnázev z obálky
|
| 655 |
|
7 |
|a polské povídky
|7 fd133082
|2 czenas
|
| 655 |
|
7 |
|a fantasy povídky
|7 fd132238
|2 czenas
|
| 700 |
1 |
|
|a Weigel, Pavel,
|d 1942-2015
|7 jk01151467
|4 trl
|
| 700 |
1 |
|
|a Łaski, Andrzej,
|d 1962-
|7 xx0125743
|4 ill
|
| 765 |
0 |
|
|t Czarownik Iwanow
|9 Česky
|
| 830 |
|
0 |
|a Fantasy (Laser)
|0 s
|
| 830 |
|
0 |
|a PoDíl SF/F
|0 s
|
| 856 |
4 |
1 |
|u http://www.digitalniknihovna.cz/mzk/uuid/uuid:bed31ce0-af5e-11e3-b833-005056827e52
|y Digitalizovaný dokument
|x NDK
|
| 910 |
|
|
|a BOA001
|b 1-1120.679
|
| 990 |
|
|
|a BK
|
| 996 |
6 |
|
|b 2610197567
|c 1-1120.679
|l MZK
|r Sklad / do 1 hodiny
|n 2
|p p.v.
|w 000685645
|u 000010
|a 1
|e BOA001
|j MZK50
|s P
|